Mahavaggapaliya

Saved in:
Bibliographic Details
Main Author: Jotiratana himi, Karagampitiye
Format: Book
Tags: Add Tag
No Tags, Be the first to tag this record!

MARC

LEADER 00000nam a2200000 a 4500
082 |a 294.382 
100 |a Jotiratana himi, Karagampitiye 
245 |a Mahavaggapaliya 
300 |a 160p. 26cm. 
942 |c AFW 
999 |c 137425  |d 137425